Tervolan kylät - Statistics

Yleistilastot
  • Tätä visaa on pelattu 22 kertaa
  • Keskiarvotulos 10 / 23
Vastaustilastot
Vastaus % Oikein
Koivu
100%
Loue
100%
Peura
64%
Varejoki
64%
Lapinniemi / Keskusta
55%
Liimatta
55%
Ossauskoski
55%
Paakkola
55%
Suolijoki
55%
Ylipaakkola
55%
Korpela
45%
Mattinen
45%
Kaisajoki
36%
Kuusikko
36%
Suukoski
36%
Kätkävaara
27%
Lehmikumpu
27%
Reutuaapa
27%
Hastinrinne
18%
Isonpalonperä
18%
Kiviaho
18%
Palonperä
18%
Sihtuuna
18%
Ehtoja vastaavia visoja ei löytynyt
Tulosjakauma
Jokaisen tuloksen saaneiden osuus
Persentiili vastausten määrän mukaan
Tuloshistoriasi
Et ole pelannut tätä visaa